Grammatical construccion de los hymnos eclesiasticos, dividida en siete libros por el órden del Breviario Romano, explicacion y medida de sus versos / por Fr. Joseph de la Calzada, lector de sagrada teología, religioso descalzo de nuestro P. S. Francisco

Detalles Bibliográficos
Autor principal: Calzada, José de la, O. F. M.
Formato: Libro
Lenguaje:Spanish
Publicado: Madrid : en la imprenta de Don Andres Ramirez, 1778.
Materias:
Colección:Banco de datos
Acervo:Seminario Conciliar de Nuestra Señora de Guadalupe Querétaro. Qro.. Biblioteca Florencio Rosas. Fondo Reservado
Descripción Física:[2] h., 244 p., [4] h. ; 8°
Tema general:Liturgia
Notas:Portada tipográfica con viñeta central y pleca en grabado xilográfico. Texto a renglón seguido con paginación en números arábigos, cornisas, apostillas marginales, signaturas y reclamos. Incluye cabecera de título historiada en grabado xilográfico. Encuadernación en pergamino. Anotación manuscrita en la guarda anterior y posterior. Daños de humedad y en la encuadernación, lomo semidesprendido
LEADER 01245nam a22001810004500
035 |a 585 
041 0 |a spa 
100 1 |a Calzada, José de la, O. F. M. 
245 1 0 |a Grammatical construccion de los hymnos eclesiasticos, dividida en siete libros por el órden del Breviario Romano, explicacion y medida de sus versos / por Fr. Joseph de la Calzada, lector de sagrada teología, religioso descalzo de nuestro P. S. Francisco 
260 |a Madrid : en la imprenta de Don Andres Ramirez, 1778.  
300 |a [2] h., 244 p., [4] h. ; 8° 
500 |a Portada tipográfica con viñeta central y pleca en grabado xilográfico. Texto a renglón seguido con paginación en números arábigos, cornisas, apostillas marginales, signaturas y reclamos. Incluye cabecera de título historiada en grabado xilográfico. Encuadernación en pergamino. Anotación manuscrita en la guarda anterior y posterior. Daños de humedad y en la encuadernación, lomo semidesprendido  
504 |a Al final de la obra está el índice de contenido  
650 1 0 |a Liturgia  
949 |a Fondo Reservado: 693 
942 |c QUER-RES 
943 |g Seminario Conciliar de Nuestra Señora de Guadalupe Querétaro. Qro.. Biblioteca Florencio Rosas. Fondo Reservado 
999 |c 1108249  |d 1108249